[Event "Subotica-ch op"]
[Site "Subotica"]
[Date "2016.02.29"]
[Round "4"]
[White "Lanji, Laslo"]
[Black "Szakal, Sandor"]
[Result "1-0"]
[WhiteElo "1853"]
[BlackElo "1572"]
[PlyCount "89"]
[EventDate "2016.02.22"]
[EventType "swiss"]
[EventRounds "9"]
[EventCountry "SRB"]
[SourceTitle "CBM 171 Extra"]
[Source "ChessBase"]
[SourceDate "2016.04.26"]
[SourceVersion "1"]
[SourceVersionDate "2016.04.26"]
[SourceQuality "1"]

1. e4 c6 2. Nf3 d5 3. e5 Bf5 4. d4 e6 5. g3 Nd7 6. Bg2 c5 7. c3 Qa5 8. Bd2 Bd3 9. Be3 c4 10. b4 Qc7 11. Bf1 Bxf1 12. Kxf1 b5 13. a4 Qb7 14. axb5 Qxb5 15. Ra5 Qb7 16. Qa4 a6 17. Na3 Ne7 18. b5 Nb6 19. bxa6+ Qc6 20. Qb5 Kd7 21. Ke2 Qxb5 22. Nxb5 Nc6 23. Ra2 Na7 24. Rb1 Nxb5 25. Rxb5 Kc6 26. Rb1 Ra7 27. Ng5 h6 28. Nxf7 Rxf7 29. a7 Be7 30. Rxb6+ Kxb6 31. a8Q Rxa8 32. Rxa8 Rf8 33. Ra2 g5 34. f4 g4 35. Bc1 Kc6 36. Ra6+ Kd7 37. Ra7+ Ke8 38. Kf2 h5 39. Ke3 h4 40. Rxe7+ Kxe7 41. Ba3+ Kf7 42. Bxf8 Kxf8 43. f5 hxg3 44. hxg3 exf5 45. Kf4 1-0

[Event "Senta-ch"]
[Site "Senta"]
[Date "2016.02.07"]
[Round "9"]
[White "Szakal, Sandor"]
[Black "Meszaros, Csaba"]
[Result "0-1"]
[WhiteElo "1572"]
[BlackElo "1364"]
[PlyCount "44"]
[EventDate "2016.01.22"]
[EventType "swiss"]
[EventRounds "9"]
[EventCountry "SRB"]
[SourceTitle "CBM 170 Extra"]
[Source "ChessBase"]
[SourceDate "2016.02.25"]
[SourceVersion "1"]
[SourceVersionDate "2016.02.25"]
[SourceQuality "1"]

1. d4 d5 2. Nf3 Bg4 3. e3 Nf6 4. Nbd2 e6 5. h3 Bh5 6. b3 b6 7. Bb2 Bd6 8. Be2 Bxf3 9. Bxf3 0-0 10. 0-0 Nbd7 11. Re1 Re8 12. e4 dxe4 13. Nxe4 Nxe4 14. Bxe4 Rb8 15. d5 Ne5 16. dxe6 Rxe6 17. Bd5 Re7 18. f4 Ng6 19. Qd4 Bc5 20. Qxc5 bxc5 21. Rxe7 Qxe7 22. f5 Nf4 0-1